5HLuxD.jpg

KING HENRY VIII SENIOR AND PRIMARY SCHOOL LIBRARY OPAC

The Borrowers afield / (Record no. 4858)

000 -LEADER
fixed length control field 00606cam a2200193 a 4500
008 - FIXED-LENGTH DATA ELEMENTS--GENERAL INFORMATION
fixed length control field 030411t19981955flua j 000 1 eng
010 ## - LIBRARY OF CONGRESS CONTROL NUMBER
LC control number 2003267228
020 ## - INTERNATIONAL STANDARD BOOK NUMBER
International Standard Book Number 0152047328 (pbk.)
050 00 - LIBRARY OF CONGRESS CALL NUMBER
Classification number PZ7.N8248
Item number Bi 1998
082 04 - DEWEY DECIMAL CLASSIFICATION NUMBER
Classification number 823.914 FIC
Edition number 19
100 1# - MAIN ENTRY--PERSONAL NAME
Personal name Norton, Mary.
245 14 - TITLE STATEMENT
Title The Borrowers afield /
Statement of responsibility, etc. Mary Norton ; illustrated by Beth and Joe Krush.
250 ## - EDITION STATEMENT
Edition statement 1st Harcourt Young Classics ed.
260 ## - PUBLICATION, DISTRIBUTION, ETC.
Place of publication, distribution, etc. Orlando, FL :
Name of publisher, distributor, etc. Harcourt,
Date of publication, distribution, etc. 1998.
300 ## - PHYSICAL DESCRIPTION
Extent 215 p. :
Other physical details ill. ;
Dimensions 20 cm.
500 ## - GENERAL NOTE
General note Sequel to The Borrowers.
500 ## - GENERAL NOTE
General note "An Odyssey/Harcourt Young Classic."
942 ## - ADDED ENTRY ELEMENTS (KOHA)
Source of classification or shelving scheme
Holdings
Withdrawn status Lost status Source of classification or shelving scheme Damaged status Not for loan Collection code Permanent Location Current Location Shelving location Date acquired Full call number Barcode Date last seen Price effective from Koha item type Public note
          Fiction KH8 Primary School Library KH8 Primary School Library Fiction 2025-03-25 FIC NOR KHPL000006700 2025-12-05 2025-03-25 Books - Fiction KH8 PRIMARY LIBRARY

Powered By KH8 IT Dept